000 00665nam a2200241 i 4500
001 C2-0288370
003 PPAK
005 20180728021506.0
008 080508s2006 nyu |||| ||||| | eng d
020 _a9780385513975
040 _aPPAK
_beng
_cPPAK
_erda
082 0 4 _a973.7092
_223
090 0 0 _a973.7092
_bAPP
_dRLCK
100 1 _aApplegate, Debby,
_eauthor
245 1 4 _aThe most famous man in America
264 1 _aNew York :
_bThree Leaves Press ,
_c2006
300 _a527 pages ;
_c23 cm
336 _2rdacontent
_atext
337 _2rdamedia
_aunmediated
338 _2rdacarrier
_avolume
650 1 0 _aFamous - Persons - Biography.
942 _ddc
_cB
999 _c93997
_d93997